[Event "Unterfränkischen EM 2014"]
[Site "Wörth am Main"]
[Date "2014.04.23"]
[Round "5.6"]
[White "Heerlein, Gerd"]
[Black "Paeslack, Luis"]
[Result "1/2-1/2"]
[WhiteElo "1775"]
[BlackElo "1491"]
[PlyCount "74"]
[EventDate "2014.??.??"]

1. d4 d5 2. c4 e6 3. Nc3 Nf6 4. cxd5 Nxd5 5. e4 Nf6 6. Be3 Nc6 7. h3 Bb4 8. Qd3
Bd7 9. Nf3 a6 10. a3 Bxc3+ 11. bxc3 Ne7 12. Qb1 b5 13. Bd3 Ng6 14. O-O O-O 15.
Nd2 Rb8 16. Nb3 Bc8 17. Qc2 c6 18. a4 Bb7 19. Nc5 Nd7 20. Nxb7 Rxb7 21. axb5
axb5 22. c4 b4 23. Rfb1 Qe7 24. c5 Rfb8 25. Rb3 Qd8 26. Ra4 Qf8 27. Qb1 e5 28.
Raxb4 Rxb4 29. Rxb4 Rd8 30. Be2 exd4 31. Rxd4 Rb8 32. Qc1 Nxc5 33. Rc4 Nb3 34.
Qc3 c5 35. Bxc5 Nxc5 36. Rxc5 Re8 37. f3 Nf4 1/2-1/2

[Event "Unterfränkischen EM 2014"]
[Site "Wörth am Main"]
[Date "2014.04.23"]
[Round "5.7"]
[White "Mattern, Kilian"]
[Black "Weikert, Benedikt"]
[Result "0-1"]
[WhiteElo "1446"]
[BlackElo "1744"]
[PlyCount "46"]
[EventDate "2014.??.??"]

1. f4 Nf6 2. Nf3 d6 3. b3 c5 4. Bb2 Nc6 5. c4 e6 6. Nc3 Be7 7. e4 e5 8. fxe5
dxe5 9. Be2 O-O 10. O-O Nd4 11. Nxe5 Nxe2+ 12. Qxe2 Qd4+ 13. Qf2 Qxe5 14. Nd5
Qxb2 15. Nxe7+ Kh8 16. Qh4 Qd4+ 17. Kh1 Qxe4 18. Qxe4 Nxe4 19. Rae1 Nf6 20. Nd5
Be6 21. Nxf6 gxf6 22. Rxf6 Rad8 23. Kg1 Rg8 0-1

[Event "Unterfränkischen EM 2014"]
[Site "Wörth am Main"]
[Date "2014.04.23"]
[Round "5.8"]
[White "Chen, Jiuli"]
[Black "Häusler, Luis"]
[Result "1/2-1/2"]
[WhiteElo "1493"]
[BlackElo "1281"]
[PlyCount "90"]
[EventDate "2014.??.??"]

1. d4 d5 2. c4 e6 3. Nc3 c6 4. e3 f5 5. Nf3 Nf6 6. Ne5 Nbd7 7. f3 Bd6 8. cxd5
exd5 9. Nxd7 Bxd7 10. Bd3 O-O 11. O-O Qc7 12. f4 Ne4 13. Qh5 Rf6 14. Nxe4 fxe4
15. Bc2 Rh6 16. Qe2 Rf8 17. b3 Rff6 18. Rf2 Rfg6 19. Bb2 Bg4 20. Qd2 Be7 21.
Rc1 Bh4 22. g3 Bf3 23. Rxf3 exf3 24. Bxg6 Rxg6 25. Qf2 Qd7 26. Qxf3 Qh3 27. Qg2
Qe6 28. Kf2 Be7 29. a3 b6 30. b4 Qf5 31. Ke2 Rh6 32. Kd2 Qh5 33. Rh1 c5 34. g4
Qf7 35. Rc1 c4 36. g5 Rd6 37. Qg4 Qg6 38. Qe2 Qe4 39. h4 b5 40. h5 Bd8 41. Bc3
a5 42. bxa5 Ra6 43. Ra1 Bxa5 44. Bxa5 Rxa5 45. Kc3 Ra4 1/2-1/2

[Event "Unterfränkischen EM 2014"]
[Site "Wörth am Main"]
[Date "2014.04.23"]
[Round "5.9"]
[White "Stegnar, Roland"]
[Black "Albert, Samuel"]
[Result "1/2-1/2"]
[WhiteElo "1385"]
[BlackElo "1464"]
[PlyCount "51"]
[EventDate "2014.??.??"]

1. e4 e6 2. d4 d5 3. e5 c5 4. Bb5+ Bd7 5. Bxd7+ Qxd7 6. Be3 cxd4 7. Bxd4 Nc6 8.
Nf3 Be7 9. c3 f6 10. Qe2 fxe5 11. Nxe5 Nxe5 12. Bxe5 Nf6 13. Nd2 O-O 14. h3 Qc6
15. O-O Qb6 16. Bd4 Qc6 17. Rae1 Rf7 18. Qxe6 Qa4 19. Bxf6 Bxf6 20. Qxd5 Rd8
21. Qc4 Qd7 22. Nf3 Kh8 23. Ne5 Bxe5 24. Rxe5 Rff8 25. Qe2 Qc6 26. Qe4 1/2-1/2

[Event "Unterfränkischen EM 2014"]
[Site "Wörth am Main"]
[Date "2014.04.23"]
[Round "5.10"]
[White "Stolcz, Frank"]
[Black "Porstendörfer, Yannik"]
[Result "1-0"]
[WhiteElo "1479"]
[BlackElo "904"]
[PlyCount "65"]
[EventDate "2014.??.??"]

1. d4 d5 2. c4 Nf6 3. Nc3 Nc6 4. e3 e5 5. cxd5 Nxd5 6. Bc4 Nxc3 7. Qf3 Qe7 8.
bxc3 Be6 9. Bb5 Bd7 10. Ne2 a6 11. Bc4 Be6 12. d5 Bxd5 13. Bxd5 g6 14. Bxc6+
Kd8 15. Qd5+ Qd6 16. Bxb7 Ra7 17. Bb2 Qxd5 18. Bxd5 f5 19. Rb1 Rb7 20. Bxb7 a5
21. Bc6 Bd6 22. Ba3 Ke7 23. Bxd6+ cxd6 24. Rb7+ Kf6 25. O-O h5 26. Rfb1 h4 27.
Ra7 h3 28. g3 Kg5 29. Rxa5 Kg4 30. f4 exf4 31. exf4 g5 32. Kf2 Rh4 33. Bf3# 1-0

[Event "Unterfränkischen EM 2014"]
[Site "Wörth am Main"]
[Date "2014.04.23"]
[Round "5.12"]
[White "Brennfleck, Martin"]
[Black "Pfister, Gerhard"]
[Result "1/2-1/2"]
[WhiteElo "1464"]
[BlackElo "1487"]
[PlyCount "62"]
[EventDate "2014.??.??"]

1. d4 Nf6 2. Nf3 g6 3. c4 Bg7 4. g3 d6 5. Nc3 O-O 6. Bg2 Nbd7 7. e4 e5 8. O-O
Re8 9. Re1 a5 10. b3 c5 11. d5 Nb6 12. Rb1 Bd7 13. Bf1 Nc8 14. Re2 Rf8 15. Reb2
Na7 16. a3 Rb8 17. Be3 h6 18. b4 Qc7 19. bxc5 dxc5 20. d6 Qc8 21. Nxe5 Rd8 22.
Rc2 Ng4 23. Nxd7 Nxe3 24. fxe3 Qxd7 25. Nb5 Nxb5 26. Rxb5 Qxd6 27. Qxd6 Rxd6
28. Rxc5 b6 29. Rd5 Re6 30. Bg2 Bf8 31. a4 Rc8 1/2-1/2

[Event "Unterfränkischen EM 2014"]
[Site "Wörth am Main"]
[Date "2014.04.23"]
[Round "5.13"]
[White "Hasenstab, Rainer"]
[Black "Hartlaub, Marianne"]
[Result "0-1"]
[WhiteElo "1004"]
[BlackElo "1596"]
[PlyCount "88"]
[EventDate "2014.??.??"]

1. e4 d6 2. d4 Nf6 3. Bd3 e5 4. d5 a6 5. a4 Be7 6. Nf3 Bg4 7. Nbd2 c6 8. c4 O-O
9. O-O cxd5 10. cxd5 Nbd7 11. b4 Rc8 12. Bb2 Qb6 13. Qb3 a5 14. Nc4 Qxb4 15.
Qxb4 axb4 16. Nfd2 Nc5 17. Bb1 Be2 18. Rc1 Bxc4 19. Rxc4 Na6 20. Bd3 Rxc4 21.
Bxc4 Nc5 22. f3 Nfd7 23. a5 Rc8 24. Rb1 Bg5 25. Nf1 Ra8 26. Ra1 Bd8 27. Ng3 g6
28. Ne2 h5 29. g3 Kg7 30. Kg2 Nf6 31. Kf2 Rc8 32. a6 bxa6 33. Bxa6 Nxa6 34.
Rxa6 Ne8 35. h4 Rb8 36. f4 Bb6+ 37. Kf3 f6 38. Nc1 Bc5 39. g4 hxg4+ 40. Kxg4
Be3 41. Ne2 Rc8 42. Ng3 Bxf4 43. Nf1 Rc2 44. Ra8 Kf8 0-1